000 00575nam a22001817a 4500
005 20251108164400.0
008 250721s1974 xx 000 0 ara d
082 1 4 _a413.1/محم
100 1 _aآل ياسين، محمد حسين
245 1 0 _aالأضداد في اللغة /
264 1 _aبغداد :
_bمطبعة المعارف،
_c1974.
300 _a590ص : مراجع
500 _aرسالة ماجستير في آداب اللغة العربية
650 1 7 _aاللغة العربية
650 1 7 _aالمترادفات
942 _2ddc
_cBK
999 _c10786
_d10786